Fr. Conceicao Rodrigues College of Engineering

Modern electronic Equipment Troubleshooting (Record no. 33129)

MARC details
000 -LEADER
fixed length control field 00385nam a2200145Ia 4500
082 ## - DEWEY DECIMAL CLASSIFICATION NUMBER
Classification number 621.381
Item number PAN
100 ## - MAIN ENTRY--PERSONAL NAME
Personal name Kandpur R.S.
245 ## - TITLE STATEMENT
Title Modern electronic Equipment Troubleshooting
260 ## - PUBLICATION, DISTRIBUTION, ETC.
Name of publisher, distributor, etc. Tata Mc Graw hill
Place of publication, distribution, etc. New Delhi
Date of publication, distribution, etc. 1994
300 ## - PHYSICAL DESCRIPTION
Extent 516
546 ## - LANGUAGE NOTE
Language note ENGLISH
654 ## - SUBJECT ADDED ENTRY--FACETED TOPICAL TERMS
Focus term electronic equipment troubleshooting repair maintainance
942 ## - ADDED ENTRY ELEMENTS (KOHA)
Koha item type BOOK
Holdings
Withdrawn status Lost status Damaged status Not for loan Collection Home library Current library Date acquired Source of acquisition Cost, normal purchase price Total Checkouts Full call number Barcode Date last seen Cost, replacement price Price effective from Koha item type
        CRC Fr. Agnel's C.Rodrigues College of Engineering Fr. Agnel's C.Rodrigues College of Engineering 17/03/2023 global books 126.00   621.381 PAN 7066 17/03/2023 126.00 17/03/2023 BOOK